000 00333 a2200157 4500
001 177025
020 _a
040 _cMagnum
100 _aCarvalho, Andre
240 1 0 _aEscolha da profissao
_lpor
245 1 0 _aEscolha da profissao
362 0 _a1899
440 1 _aLĂȘ
697 _aMAGNITO: EDUCACAO VOCACIONAL
942 _cBK
999 _c177025
_d177025